[Event "46th GRE-chT Premier 2018"]
[Site "Rio Achaia"]
[Date "2018.07.12"]
[Round "4"]
[White "Stefanou, Konstantinos"]
[Black "Ximinis, Ioannis"]
[Result "1-0"]
[WhiteElo "1677"]
[BlackElo "1272"]
[Annotator "NA"]
[PlyCount "109"]
[EventDate "2018.07.10"]
[EventType "team-tourn"]
[EventCountry "GRE"]
[SourceTitle "playchess.com"]
[Source "ChessBase"]
[SourceQuality "1"]
[TimeControl "40/5400+30:1800+30"]

1. c4 {[%emt 0:00:00]} Nf6 {[%emt 0:00:00]} 2. Nc3 {[%emt 0:00:00]} g6 {[%emt 0:00:00]} 3. e4 {[%emt 0:00:22]} d6 {[%emt 0:00:11]} 4. d4 {[%emt 0:00:14]} Bg7 {[%emt 0:01:02]} 5. Bd3 {[%emt 0:00:26]} O-O {[%emt 0:01:43]} 6. Nge2 {[%emt 0:00:11]} Nbd7 {[%emt 0:00:31]} 7. O-O {[%emt 0:00:27]} e5 {[%emt 0:01:31]} 8. d5 {[%emt 0:00:11]} Nc5 {[%emt 0:00:54]} 9. Bc2 {[%emt 0:00:39]} a5 {[%emt 0:07:34]} 10. f3 {[%emt 0:01:50]} Ne8 {[%emt 0:07:37]} 11. Be3 {[%emt 0:00:55]} f5 {[%emt 0:05:28]} 12. exf5 {[%emt 0:00:16]} gxf5 {[%emt 0:00:46]} 13. a3 {[%emt 0:03:06]} Nd7 {[%emt 0:18:27]} 14. Qd2 {[%emt 0:02:31]} Ndf6 {[%emt 0:11:30]} 15. Bg5 {[%emt 0:06:20]} Bd7 {[%emt 0:17:40]} 16. Ng3 {[%emt 0:03:46]} Qc8 {[%emt 0:00:34]} 17. Qd3 {[%emt 0:07:56]} f4 {[%emt 0:03:30]} 18. Nh5 {[%emt 0:08:09]} Rf7 {[%emt 0:05:03]} 19. Nxf6+ {[%emt 0:17:03]} Nxf6 {[%emt 0:02:06]} 20. Bxf6 {[%emt 0:03:53]} Bxf6 {[%emt 0:00:08]} 21. Ne4 {[%emt 0:00:08]} Bf5 {[%emt 0:02:07]} 22. Qe2 {[%emt 0:00:40]} Qd7 {[%emt 0:03:20]} 23. b4 {[%emt 0:04:26]} b6 {[%emt 0:04:06]} 24. Bd3 {[%emt 0:00:43]} Raf8 {[%emt 0:01:09]} 25. Rfc1 {[%emt 0:01:51]} Bxe4 {[%emt 0:01:59]} 26. Bxe4 {[%emt 0:00:35]} Rc8 {[%emt 0:00:42]} 27. c5 {[%emt 0:00:29]} Be7 {[%emt 0:00:14]} 28. c6 {[%emt 0:00:38]} Qd8 {[%emt 0:00:36]} 29. bxa5 {[%emt 0:00:29]} bxa5 {[%emt 0:00:04]} 30. Rab1 {[%emt 0:00:21]} Rb8 {[%emt 0:00:32]} 31. Qd2 {[%emt 0:02:31]} a4 {[%emt 0:01:37]} 32. Qc2 {[%emt 0:00:21]} Rxb1 {[%emt 0:00:50]} 33. Rxb1 {[%emt 0:00:05]} Qa8 {[%emt 0:00:03]} 34. Rb7 {[%emt 0:03:31]} Qa5 {[%emt 0:00:45]} 35. Rb4 {[%emt 0:02:52]} Qa7+ {[%emt 0:00:57]} 36. Qf2 {[%emt 0:00:25]} Qa8 {[%emt 0:01:09]} 37. Bc2 {[%emt 0:05:05]} Qa5 {[%emt 0:00:47]} 38. Bxa4 {[%emt 0:03:36]} Qxd5 {[%emt 0:00:32]} 39. Qc2 {[%emt 0:06:13]} Qa5 {[%emt 0:01:09]} 40. g3 {[%emt 0:00:00]} d5 {[%emt 0:00:00]} 41. Rb5 {[%emt 0:08:39]} Qe1+ {[%emt 0:01:13]} 42. Kg2 {[%emt 0:00:07]} fxg3 {[%emt 0:01:01]} 43. hxg3 {[%emt 0:01:14]} Qe3 {[%emt 0:11:16]} 44. Rb3 {[%emt 0:00:30]} Qh6 {[%emt 0:11:50]} 45. Qd3 {[%emt 0:08:05]} Qd6 {[%emt 0:02:10]} 46. Rb8+ {[%emt 0:02:16]} Kg7 {[%emt 0:00:40]} 47. Bb3 {[%emt 0:01:05]} Qxa3 {[%emt 0:05:49]} 48. Qxd5 {[%emt 0:02:25]} Qb2+ {[%emt 0:00:18]} 49. Kh3 {[%emt 0:00:35]} Rf6 {[%emt 0:00:32]} 50. Rg8+ {[%emt 0:02:18]} Kh6 {[%emt 0:00:11]} 51. Qe4 {[%emt 0:01:22]} Rg6 {[%emt 0:00:59]} 52. Rxg6+ {[%emt 0:02:34]} hxg6 {[%emt 0:00:02]} 53. Bf7 {[%emt 0:00:29]} Kg7 {[%emt 0:01:04]} 54. Qxg6+ {[%emt 0:00:18]} Kf8 {[%emt 0:00:17]} 55. Qg8# {[%emt 0:00:03]} 1-0

[Event "46th GRE-chT Premier 2018"]
[Site "Rio Achaia"]
[Date "2018.07.12"]
[Round "4"]
[White "Prokopiou, Ioannis"]
[Black "Klampatseas, Christos"]
[Result "0-1"]
[WhiteElo "1674"]
[BlackElo "1440"]
[Annotator "NA"]
[PlyCount "136"]
[EventDate "2018.07.10"]
[EventType "team-tourn"]
[EventCountry "GRE"]
[SourceTitle "playchess.com"]
[Source "ChessBase"]
[SourceQuality "1"]
[TimeControl "40/5400+30:1800+30"]

1. e4 {[%emt 0:00:00]} c6 {[%emt 0:00:00]} 2. d4 {[%emt 0:00:10]} d5 {[%emt 0:00:00]} 3. exd5 {[%emt 0:00:09]} cxd5 {[%emt 0:00:00]} 4. Bd3 {[%emt 0:00:07]} Nc6 {[%emt 0:00:02]} 5. c3 {[%emt 0:00:06]} Qc7 {[%emt 0:00:31]} 6. h3 {[%emt 0:00:32]} e5 {[%emt 0:01:18]} 7. dxe5 {[%emt 0:00:22]} Nxe5 {[%emt 0:01:46]} 8. Nf3 {[%emt 0:00:12]} Nxd3+ {[%emt 0:05:02]} 9. Qxd3 {[%emt 0:00:08]} Nf6 {[%emt 0:01:06]} 10. O-O {[%emt 0:02:02]} Be7 {[%emt 0:01:02]} 11. Bg5 {[%emt 0:01:24]} Be6 {[%emt 0:04:04]} 12. Nbd2 {[%emt 0:01:59]} O-O {[%emt 0:02:10]} 13. Rfe1 {[%emt 0:02:09]} Rad8 {[%emt 0:09:47]} 14. Nd4 {[%emt 0:38:16]} Qb6 {[%emt 0:18:24]} 15. Qb5 {[%emt 0:33:00]} Qxb5 {[%emt 0:09:03]} 16. Nxb5 {[%emt 0:00:07]} Bc5 {[%emt 0:00:44]} 17. Bxf6 {[%emt 0:03:36]} gxf6 {[%emt 0:00:10]} 18. Nb3 {[%emt 0:00:14]} Bb6 {[%emt 0:07:11]} 19. N5d4 {[%emt 0:06:26]} Rfe8 {[%emt 0:03:24]} 20. Re3 {[%emt 0:01:16]} Bd7 {[%emt 0:04:56]} 21. Rae1 {[%emt 0:00:12]} Rxe3 {[%emt 0:05:56]} 22. Rxe3 {[%emt 0:00:04]} Re8 {[%emt 0:01:03]} 23. Rxe8+ {[%emt 0:00:07]} Bxe8 {[%emt 0:00:05]} 24. Nf5 {[%emt 0:00:13]} Kf8 {[%emt 0:03:44]} 25. Nbd4 {[%emt 0:00:51]} Bxd4 {[%emt 0:01:36]} 26. Nxd4 {[%emt 0:00:04]} Bd7 {[%emt 0:00:23]} 27. Kf1 {[%emt 0:00:20]} Ke7 {[%emt 0:00:47]} 28. Ke2 {[%emt 0:00:46]} Kd6 {[%emt 0:01:18]} 29. Ke3 {[%emt 0:02:04]} a6 {[%emt 0:01:56]} 30. Nb3 {[%emt 0:06:46]} b6 {[%emt 0:02:16]} 31. Kd4 {[%emt 0:00:43]} Bb5 {[%emt 0:04:12]} 32. Nd2 {[%emt 0:00:03]} Bd7 {[%emt 0:02:24]} 33. Nf1 {[%emt 0:00:46]} Bf5 {[%emt 0:02:00]} 34. Ne3 {[%emt 0:00:29]} Be6 {[%emt 0:02:04]} 35. Ng4 {[%emt 0:01:04]} Bxg4 {[%emt 0:02:00]} 36. hxg4 {[%emt 0:00:01]} Ke6 {[%emt 0:01:20]} 37. a4 {[%emt 0:00:28]} Kd6 {[%emt 0:03:09]} 38. b4 {[%emt 0:00:29]} h6 {[%emt 0:01:13]} 39. g3 {[%emt 0:00:27]} Ke6 {[%emt 0:00:45]} 40. f3 {[%emt 0:00:00]} Kd6 {[%emt 0:00:00]} 41. b5 {[%emt 0:29:14]} a5 {[%emt 0:13:38]} 42. c4 {[%emt 0:01:20]} dxc4 {[%emt 0:00:45]} 43. Kxc4 {[%emt 0:00:02]} Ke5 {[%emt 0:00:40]} 44. Kd3 {[%emt 0:00:05]} Kd5 {[%emt 0:00:24]} 45. f4 {[%emt 0:00:20]} Kc5 {[%emt 0:00:29]} 46. Kc3 {[%emt 0:00:10]} Kd5 {[%emt 0:00:16]} 47. Kd3 {[%emt 0:00:04]} Kc5 {[%emt 0:00:11]} 48. Ke4 {[%emt 0:03:08]} Kb4 {[%emt 0:00:09]} 49. Kf5 {[%emt 0:00:03]} Kxa4 {[%emt 0:00:09]} 50. Kxf6 {[%emt 0:00:03]} Kxb5 {[%emt 0:00:12]} 51. Kxf7 {[%emt 0:00:03]} a4 {[%emt 0:00:04]} 52. Kg6 {[%emt 0:00:02]} a3 {[%emt 0:00:08]} 53. Kxh6 {[%emt 0:00:02]} a2 {[%emt 0:00:12]} 54. f5 {[%emt 0:00:08]} a1=Q {[%emt 0:00:06]} 55. g5 {[%emt 0:00:01]} Qh8+ {[%emt 0:00:24]} 56. Kg6 {[%emt 0:00:04]} Kc4 {[%emt 0:00:10]} 57. Kf7 {[%emt 0:00:15]} b5 {[%emt 0:02:15]} 58. g6 {[%emt 0:00:22]} b4 {[%emt 0:01:06]} 59. g7 {[%emt 0:00:44]} Qh7 {[%emt 0:01:01]} 60. f6 {[%emt 0:01:58]} b3 {[%emt 0:06:42]} 61. Kf8 {[%emt 0:01:03]} b2 {[%emt 0:02:32]} 62. g8=Q+ {[%emt 0:02:53]} Qxg8+ {[%emt 0:00:07]} 63. Kxg8 {[%emt 0:00:11]} b1=Q {[%emt 0:00:09]} 64. f7 {[%emt 0:00:05]} Qg6+ {[%emt 0:00:17]} 65. Kf8 {[%emt 0:00:35]} Kd5 {[%emt 0:00:52]} 66. Ke7 {[%emt 0:00:12]} Qg7 {[%emt 0:00:07]} 67. Ke8 {[%emt 0:00:13]} Ke6 {[%emt 0:00:15]} 68. f8=N+ {[%emt 0:00:46]} Kd6 0-1

[Event "46th GRE-chT Premier 2018"]
[Site "Rio Achaia"]
[Date "2018.07.12"]
[Round "4"]
[White "Paraskevas, Georgios"]
[Black "Spyropoulos, Nikolaos"]
[Result "0-1"]
[WhiteElo "1634"]
[BlackElo "2293"]
[Annotator "NA"]
[PlyCount "90"]
[EventDate "2018.07.10"]
[EventType "team-tourn"]
[EventCountry "GRE"]
[SourceTitle "playchess.com"]
[Source "ChessBase"]
[SourceQuality "1"]
[TimeControl "40/5400+30:1800+30"]

1. e4 {[%emt 0:00:00]} Nf6 {[%emt 0:00:00]} 2. e5 {[%emt 0:00:00]} Nd5 {[%emt 0:00:00]} 3. c4 {[%emt 0:00:00]} Nb6 {[%emt 0:00:00]} 4. d4 {[%emt 0:00:00]} d6 {[%emt 0:00:00]} 5. f4 {[%emt 0:00:00]} g6 {[%emt 0:00:00]} 6. Nc3 {[%emt 0:00:02]} Bg7 {[%emt 0:00:00]} 7. Be2 {[%emt 0:00:08]} Be6 {[%emt 0:01:25]} 8. b3 {[%emt 0:01:21]} dxe5 {[%emt 0:05:52]} 9. fxe5 {[%emt 0:00:03]} c5 {[%emt 0:01:08]} 10. Bf4 {[%emt 0:34:39]} cxd4 {[%emt 0:15:08]} 11. Nb5 {[%emt 0:00:43]} Nc6 {[%emt 0:00:37]} 12. Nf3 {[%emt 0:00:34]} Nd7 {[%emt 0:01:21]} 13. Nbxd4 {[%emt 0:29:46]} Ndxe5 {[%emt 0:08:29]} 14. Nxe6 {[%emt 0:01:02]} Nxf3+ {[%emt 0:02:20]} 15. Bxf3 {[%emt 0:02:52]} fxe6 {[%emt 0:01:13]} 16. Qxd8+ {[%emt 0:11:51]} Rxd8 {[%emt 0:00:07]} 17. Rd1 {[%emt 0:00:08]} O-O {[%emt 0:24:35]} 18. Rxd8 {[%emt 0:12:17]} Rxd8 {[%emt 0:00:21]} 19. Kf2 {[%emt 0:00:44]} Bd4+ {[%emt 0:10:38]} 20. Kg3 {[%emt 0:00:42]} Bc5 {[%emt 0:01:34]} 21. Rd1 {[%emt 0:00:30]} Rxd1 {[%emt 0:04:43]} 22. Bxd1 {[%emt 0:00:02]} Nb4 {[%emt 0:00:30]} 23. Bg4 {[%emt 0:01:43]} Kf7 {[%emt 0:00:27]} 24. Bf3 {[%emt 0:00:39]} b6 {[%emt 0:00:45]} 25. a4 {[%emt 0:00:25]} Bd6 {[%emt 0:04:13]} 26. Kg4 {[%emt 0:00:44]} Nd3 {[%emt 0:00:19]} 27. Bg3 {[%emt 0:01:02]} Bxg3 {[%emt 0:01:28]} 28. Kxg3 {[%emt 0:00:04]} Kf6 {[%emt 0:01:31]} 29. Bd1 {[%emt 0:00:47]} Ke5 {[%emt 0:00:11]} 30. Kf3 {[%emt 0:00:35]} Kd4 {[%emt 0:00:27]} 31. Be2 {[%emt 0:01:31]} e5 {[%emt 0:01:32]} 32. Bd1 {[%emt 0:00:17]} e4+ {[%emt 0:00:15]} 33. Ke2 {[%emt 0:00:28]} Nf4+ {[%emt 0:00:31]} 34. Kf1 {[%emt 0:00:38]} Ke3 {[%emt 0:01:58]} 35. g3 {[%emt 0:00:39]} Nd3 {[%emt 0:00:06]} 36. Bg4 {[%emt 0:00:20]} a5 {[%emt 0:00:16]} 37. h4 {[%emt 0:00:25]} Nc5 {[%emt 0:00:46]} 38. Ke1 {[%emt 0:00:46]} Nxb3 {[%emt 0:00:12]} 39. h5 {[%emt 0:00:30]} gxh5 {[%emt 0:00:07]} 40. Bxh5 {[%emt 0:00:00]} Nc5 {[%emt 0:00:00]} 41. Be8 {[%emt 0:03:34]} Nd3+ {[%emt 0:00:34]} 42. Kf1 {[%emt 0:00:29]} Kd2 {[%emt 0:00:15]} 43. Bh5 {[%emt 0:00:29]} e3 {[%emt 0:00:12]} 44. Be2 {[%emt 0:08:43]} Nc1 {[%emt 0:00:26]} 45. c5 {[%emt 0:00:07]} bxc5 {[%emt 0:00:05]} 0-1

[Event "46th GRE-chT Premier 2018"]
[Site "Rio Achaia"]
[Date "2018.07.12"]
[Round "4"]
[White "Grafakou, Sotiria-Aphrodite"]
[Black "Kokkota, Fotini"]
[Result "0-1"]
[WhiteElo "1617"]
[BlackElo "1615"]
[Annotator "NA"]
[PlyCount "54"]
[EventDate "2018.07.10"]
[EventType "team-tourn"]
[EventCountry "GRE"]
[SourceTitle "playchess.com"]
[Source "ChessBase"]
[SourceQuality "1"]
[TimeControl "40/5400+30:1800+30"]

1. d4 {[%emt 0:00:00]} d5 {[%emt 0:00:00]} 2. c4 {[%emt 0:00:00]} e6 {[%emt 0:00:00]} 3. Nc3 {[%emt 0:00:17]} Nf6 {[%emt 0:00:00]} 4. Nf3 {[%emt 0:00:14]} Be7 {[%emt 0:00:00]} 5. e3 {[%emt 0:00:52]} O-O {[%emt 0:00:45]} 6. Bd3 {[%emt 0:00:29]} dxc4 {[%emt 0:00:39]} 7. Bxc4 {[%emt 0:00:08]} a6 {[%emt 0:00:04]} 8. O-O {[%emt 0:00:28]} b5 {[%emt 0:01:23]} 9. Bd3 {[%emt 0:00:23]} c5 {[%emt 0:00:12]} 10. dxc5 {[%emt 0:06:14]} Bxc5 {[%emt 0:01:38]} 11. b3 {[%emt 0:03:35]} Bb7 {[%emt 0:01:45]} 12. Bb2 {[%emt 0:04:03]} Nbd7 {[%emt 0:08:11]} 13. Rc1 {[%emt 0:05:31]} Qb6 {[%emt 0:04:48]} 14. Ng5 {[%emt 0:08:01]} Bxe3 {[%emt 0:13:38]} 15. Nce4 {[%emt 0:37:02]} Nxe4 {[%emt 0:14:32]} 16. Bxe4 {[%emt 0:06:33]} Bxg5 {[%emt 0:04:09]} 17. Bd4 {[%emt 0:03:03]} Qd6 {[%emt 0:03:02]} 18. Bxb7 {[%emt 0:03:09]} Bxc1 {[%emt 0:00:07]} 19. Bxa8 {[%emt 0:00:14]} Rxa8 {[%emt 0:00:15]} 20. Qxc1 {[%emt 0:00:21]} Qxd4 {[%emt 0:00:14]} 21. Rd1 {[%emt 0:00:49]} Qa7 {[%emt 0:00:10]} 22. Qc6 {[%emt 0:00:44]} Nf8 {[%emt 0:00:27]} 23. h3 {[%emt 0:00:49]} h6 {[%emt 0:00:09]} 24. Rd2 {[%emt 0:00:27]} Rb8 {[%emt 0:07:40]} 25. Rd1 {[%emt 0:01:15]} Qb6 {[%emt 0:00:27]} 26. Qe4 {[%emt 0:00:16]} Qc5 {[%emt 0:01:12]} 27. Qd3 {[%emt 0:00:21]} Ng6 {[%emt 0:01:10]} 0-1

[Event "46th GRE-chT Premier 2018"]
[Site "Rio Achaia"]
[Date "2018.07.12"]
[Round "4"]
[White "Chatziioannidi, Filippa"]
[Black "Kouta, Antonia"]
[Result "1/2-1/2"]
[WhiteElo "1592"]
[BlackElo "1703"]
[Annotator "NA"]
[PlyCount "103"]
[EventDate "2018.07.10"]
[EventType "team-tourn"]
[EventCountry "GRE"]
[SourceTitle "playchess.com"]
[Source "ChessBase"]
[SourceQuality "1"]
[TimeControl "40/5400+30:1800+30"]

1. e4 {[%emt 0:00:00]} c5 {[%emt 0:00:00]} 2. Nf3 {[%emt 0:00:00]} d6 {[%emt 0:00:00]} 3. d4 {[%emt 0:00:00]} cxd4 {[%emt 0:00:00]} 4. Nxd4 {[%emt 0:00:00]} Nf6 {[%emt 0:00:00]} 5. Nc3 {[%emt 0:00:00]} a6 {[%emt 0:00:11]} 6. Be3 {[%emt 0:00:00]} b5 {[%emt 0:01:59]} 7. f3 {[%emt 0:00:07]} Bb7 {[%emt 0:01:02]} 8. Qd2 {[%emt 0:00:14]} e6 {[%emt 0:04:45]} 9. g4 {[%emt 0:00:34]} h6 {[%emt 0:07:04]} 10. h4 {[%emt 0:00:18]} Nbd7 {[%emt 0:02:24]} 11. O-O-O {[%emt 0:08:58]} b4 {[%emt 0:10:26]} 12. Nce2 {[%emt 0:17:51]} Qc7 {[%emt 0:07:12]} 13. Kb1 {[%emt 0:06:27]} Ne5 {[%emt 0:16:11]} 14. Qxb4 {[%emt 0:14:13]} Ned7 {[%emt 0:17:08]} 15. Qc3 {[%emt 0:04:33]} Rc8 {[%emt 0:07:16]} 16. Qxc7 {[%emt 0:03:31]} Rxc7 {[%emt 0:00:01]} 17. Nc3 {[%emt 0:00:40]} d5 {[%emt 0:03:57]} 18. exd5 {[%emt 0:00:53]} Nxd5 {[%emt 0:01:47]} 19. Nxd5 {[%emt 0:01:43]} Bxd5 {[%emt 0:00:22]} 20. Bxa6 {[%emt 0:05:57]} Bxa2+ {[%emt 0:05:31]} 21. Kxa2 {[%emt 0:02:41]} Ra7 {[%emt 0:00:04]} 22. b3 {[%emt 0:01:39]} Rxa6+ {[%emt 0:01:42]} 23. Kb2 {[%emt 0:00:25]} Ba3+ {[%emt 0:02:23]} 24. Kc3 {[%emt 0:00:07]} O-O {[%emt 0:00:53]} 25. Kd2 {[%emt 0:04:26]} Bb4+ {[%emt 0:03:38]} 26. Ke2 {[%emt 0:02:07]} Ra2 {[%emt 0:03:10]} 27. Bd2 {[%emt 0:04:30]} Bc5 {[%emt 0:01:01]} 28. c3 {[%emt 0:01:16]} Rfa8 {[%emt 0:00:33]} 29. Rb1 {[%emt 0:02:13]} Bb6 {[%emt 0:01:25]} 30. b4 {[%emt 0:01:53]} Ne5 {[%emt 0:00:35]} 31. Nb3 {[%emt 0:02:09]} Nc4 {[%emt 0:00:47]} 32. Ra1 {[%emt 0:01:11]} Kf8 {[%emt 0:01:27]} 33. Kd3 {[%emt 0:03:41]} Ne5+ {[%emt 0:00:38]} 34. Ke4 {[%emt 0:00:54]} Nc4 {[%emt 0:00:09]} 35. Bf4 {[%emt 0:01:49]} R8a3 {[%emt 0:00:48]} 36. Rxa2 {[%emt 0:01:57]} Rxa2 {[%emt 0:00:02]} 37. Nc5 {[%emt 0:00:50]} Ke7 {[%emt 0:00:49]} 38. Rd1 {[%emt 0:00:53]} Ra7 {[%emt 0:00:35]} 39. Rd4 {[%emt 0:02:33]} Nb2 {[%emt 0:00:45]} 40. Bd6+ {[%emt 0:00:00]} Ke8 {[%emt 0:00:00]} 41. Bg3 {[%emt 0:11:31]} Ra1 {[%emt 0:05:18]} 42. Rd2 {[%emt 0:07:01]} Nc4 {[%emt 0:03:25]} 43. Rc2 {[%emt 0:00:49]} Na3 {[%emt 0:05:27]} 44. Re2 {[%emt 0:03:06]} Nb5 {[%emt 0:04:32]} 45. c4 {[%emt 0:04:16]} Nc3+ {[%emt 0:00:13]} 46. Kd3 {[%emt 0:00:21]} Nxe2 {[%emt 0:00:18]} 47. Kxe2 {[%emt 0:00:05]} Ra3 {[%emt 0:02:55]} 48. Nd3 {[%emt 0:00:42]} f6 {[%emt 0:03:03]} 49. c5 {[%emt 0:00:34]} Ba7 {[%emt 0:00:42]} 50. Bc7 {[%emt 0:00:29]} Kd7 {[%emt 0:00:26]} 51. Bd6 {[%emt 0:01:39]} g6 {[%emt 0:02:40]} 52. Kd2 {[%emt 0:01:29]} 1/2-1/2

[Event "46th GRE-chT Premier 2018"]
[Site "Rio Achaia"]
[Date "2018.07.12"]
[Round "4"]
[White "Serpetsidaki, Eva"]
[Black "Mastrakouli, Evagelia"]
[Result "0-1"]
[WhiteElo "1591"]
[BlackElo "1779"]
[Annotator "NA"]
[PlyCount "88"]
[EventDate "2018.07.10"]
[EventType "team-tourn"]
[EventCountry "GRE"]
[SourceTitle "playchess.com"]
[Source "ChessBase"]
[SourceQuality "1"]
[TimeControl "40/5400+30:1800+30"]

1. e4 {[%emt 0:00:00]} c5 {[%emt 0:00:00]} 2. Nc3 {[%emt 0:00:00]} Nc6 {[%emt 0:00:30]} 3. g3 {[%emt 0:00:00]} g6 {[%emt 0:02:03]} 4. Bg2 {[%emt 0:00:00]} Bg7 {[%emt 0:00:04]} 5. d3 {[%emt 0:00:00]} d6 {[%emt 0:01:01]} 6. Be3 {[%emt 0:00:05]} Nf6 {[%emt 0:03:07]} 7. h3 {[%emt 0:00:30]} Qa5 {[%emt 0:06:41]} 8. Nge2 {[%emt 0:00:58]} Rb8 {[%emt 0:15:35]} 9. O-O {[%emt 0:00:10]} b5 {[%emt 0:11:20]} 10. Qd2 {[%emt 0:00:09]} O-O {[%emt 0:16:04]} 11. f4 {[%emt 0:00:12]} Bb7 {[%emt 0:03:57]} 12. g4 {[%emt 0:01:18]} e6 {[%emt 0:07:26]} 13. f5 {[%emt 0:04:25]} b4 {[%emt 0:01:19]} 14. Nd1 {[%emt 0:05:34]} Nd7 {[%emt 0:02:59]} 15. Bh6 {[%emt 0:01:14]} Qd8 {[%emt 0:04:35]} 16. Bxg7 {[%emt 0:06:02]} Kxg7 {[%emt 0:00:04]} 17. Ng3 {[%emt 0:01:01]} Qh4 {[%emt 0:03:37]} 18. Qf4 {[%emt 0:09:39]} e5 {[%emt 0:00:39]} 19. Qf2 {[%emt 0:00:06]} Qg5 {[%emt 0:02:13]} 20. Ne3 {[%emt 0:00:35]} Kh8 {[%emt 0:01:29]} 21. f6 {[%emt 0:02:24]} Rbe8 {[%emt 0:02:22]} 22. Ne2 {[%emt 0:00:58]} Re6 {[%emt 0:01:06]} 23. Nd5 {[%emt 0:00:05]} Nd4 {[%emt 0:01:11]} 24. Nxd4 {[%emt 0:06:31]} exd4 {[%emt 0:00:04]} 25. Qg3 {[%emt 0:08:08]} Bxd5 {[%emt 0:01:07]} 26. exd5 {[%emt 0:00:31]} Rxf6 {[%emt 0:00:20]} 27. Rxf6 {[%emt 0:05:35]} Qxf6 {[%emt 0:00:03]} 28. a3 {[%emt 0:00:09]} a5 {[%emt 0:02:14]} 29. axb4 {[%emt 0:00:07]} axb4 {[%emt 0:00:05]} 30. Ra6 {[%emt 0:00:10]} Ne5 {[%emt 0:00:10]} 31. Qf2 {[%emt 0:00:21]} Qxf2+ {[%emt 0:01:27]} 32. Kxf2 {[%emt 0:00:16]} b3 {[%emt 0:04:40]} 33. cxb3 {[%emt 0:03:04]} Nxd3+ {[%emt 0:00:06]} 34. Ke2 {[%emt 0:00:04]} Nf4+ {[%emt 0:02:30]} 35. Kf2 {[%emt 0:00:06]} Rd8 {[%emt 0:00:23]} 36. Be4 {[%emt 0:00:16]} Nxh3+ {[%emt 0:00:39]} 37. Kg3 {[%emt 0:00:30]} Ng5 {[%emt 0:00:07]} 38. Bd3 {[%emt 0:00:14]} Kg7 {[%emt 0:00:39]} 39. Kf4 {[%emt 0:00:50]} h6 {[%emt 0:01:16]} 40. Bc4 {[%emt 0:00:00]} Kf6 {[%emt 0:00:00]} 41. Bd3 {[%emt 0:00:43]} Nh7 {[%emt 0:09:30]} 42. Bc4 {[%emt 0:00:15]} Nf8 {[%emt 0:00:26]} 43. Bd3 {[%emt 0:00:09]} g5+ {[%emt 0:00:49]} 44. Ke4 {[%emt 0:00:12]} Re8+ {[%emt 0:00:32]} 0-1

[Event "46th GRE-chT Premier 2018"]
[Site "Rio Achaia"]
[Date "2018.07.12"]
[Round "4"]
[White "Galanakis, Nikolaos"]
[Black "Sourgkounis, Angelos"]
[Result "0-1"]
[WhiteElo "1579"]
[BlackElo "1976"]
[Annotator "NA"]
[PlyCount "147"]
[EventDate "2018.07.10"]
[EventType "team-tourn"]
[EventCountry "GRE"]
[SourceTitle "playchess.com"]
[Source "ChessBase"]
[SourceQuality "1"]
[TimeControl "40/5400+30:1800+30"]

1. e4 {[%emt 0:00:00]} Nf6 {[%emt 0:09:11]} 2. e5 {[%emt 0:00:00]} Nd5 {[%emt 0:00:04]} 3. d4 {[%emt 0:00:00]} d6 {[%emt 0:00:03]} 4. c4 {[%emt 0:00:00]} Nb6 {[%emt 0:00:02]} 5. exd6 {[%emt 0:00:00]} cxd6 {[%emt 0:00:47]} 6. Bd3 {[%emt 0:00:10]} g6 {[%emt 0:00:47]} 7. Nc3 {[%emt 0:00:10]} Bg7 {[%emt 0:00:06]} 8. Nge2 {[%emt 0:00:07]} O-O {[%emt 0:01:00]} 9. O-O {[%emt 0:00:28]} Nc6 {[%emt 0:01:27]} 10. Be3 {[%emt 0:00:16]} Nb4 {[%emt 0:00:59]} 11. b3 {[%emt 0:03:51]} Nxd3 {[%emt 0:00:08]} 12. Qxd3 {[%emt 0:00:07]} Nd7 {[%emt 0:00:56]} 13. Rac1 {[%emt 0:04:21]} Nf6 {[%emt 0:02:59]} 14. f3 {[%emt 0:00:39]} Bf5 {[%emt 0:05:35]} 15. Qd2 {[%emt 0:00:47]} Re8 {[%emt 0:00:38]} 16. Ng3 {[%emt 0:02:46]} Bc8 {[%emt 0:04:07]} 17. Rfd1 {[%emt 0:02:28]} a6 {[%emt 0:04:04]} 18. b4 {[%emt 0:08:08]} d5 {[%emt 0:02:49]} 19. c5 {[%emt 0:00:41]} h5 {[%emt 0:00:22]} 20. a4 {[%emt 0:14:59]} h4 {[%emt 0:01:37]} 21. Nge2 {[%emt 0:00:44]} Nh5 {[%emt 0:03:25]} 22. Nf4 {[%emt 0:01:03]} Nxf4 {[%emt 0:01:17]} 23. Bxf4 {[%emt 0:00:01]} Bf5 {[%emt 0:03:29]} 24. b5 {[%emt 0:04:03]} Qd7 {[%emt 0:03:47]} 25. Qb2 {[%emt 0:05:35]} f6 {[%emt 0:01:04]} 26. Qb3 {[%emt 0:03:20]} Be6 {[%emt 0:10:32]} 27. Na2 {[%emt 0:06:23]} axb5 {[%emt 0:02:55]} 28. axb5 {[%emt 0:00:12]} g5 {[%emt 0:00:45]} 29. Be3 {[%emt 0:01:11]} Rec8 {[%emt 0:02:22]} 30. Nb4 {[%emt 0:00:23]} Qxb5 {[%emt 0:00:46]} 31. Bd2 {[%emt 0:05:26]} Bf7 {[%emt 0:01:39]} 32. Qe3 {[%emt 0:07:22]} Qd7 {[%emt 0:03:17]} 33. Re1 {[%emt 0:01:50]} Re8 {[%emt 0:03:40]} 34. c6 {[%emt 0:01:21]} bxc6 {[%emt 0:00:14]} 35. Nxc6 {[%emt 0:00:02]} e6 {[%emt 0:01:01]} 36. Rc3 {[%emt 0:07:20]} Bf8 {[%emt 0:02:55]} 37. Rec1 {[%emt 0:00:58]} Bd6 {[%emt 0:00:18]} 38. Ne5 {[%emt 0:04:28]} Qe7 {[%emt 0:04:14]} 39. Nxf7 {[%emt 0:00:20]} Qxf7 {[%emt 0:00:17]} 40. Rc6 {[%emt 0:00:00]} Qd7 {[%emt 0:00:00]} 41. Qd3 {[%emt 0:03:30]} Kg7 {[%emt 0:03:02]} 42. Qb5 {[%emt 0:00:48]} Re7 {[%emt 0:04:52]} 43. Qb3 {[%emt 0:05:10]} Ra7 {[%emt 0:01:21]} 44. Qb6 {[%emt 0:02:35]} Rb7 {[%emt 0:03:17]} 45. Qa6 {[%emt 0:00:51]} Bb8 {[%emt 0:00:35]} 46. Re1 {[%emt 0:09:13]} Ba7 {[%emt 0:05:29]} 47. Bc3 {[%emt 0:03:08]} Kf7 {[%emt 0:06:59]} 48. Rd6 {[%emt 0:02:20]} Qc8 {[%emt 0:03:34]} 49. Rc6 {[%emt 0:05:13]} Qd7 {[%emt 0:05:19]} 50. Rd6 {[%emt 0:06:57]} Qb5 {[%emt 0:00:10]} 51. Qa2 {[%emt 0:03:02]} Qb3 {[%emt 0:01:12]} 52. Qd2 {[%emt 0:00:33]} Qa3 {[%emt 0:03:46]} 53. Rc6 {[%emt 0:02:25]} Qa4 {[%emt 0:01:15]} 54. Rc8 {[%emt 0:01:38]} Rbc7 {[%emt 0:01:32]} 55. Rxc7 {[%emt 0:01:26]} Rxc7 {[%emt 0:00:04]} 56. Qe3 {[%emt 0:01:55]} e5 {[%emt 0:03:01]} 57. Ra1 {[%emt 0:03:05]} Qb3 {[%emt 0:04:59]} 58. Rxa7 {[%emt 0:00:13]} Rxa7 {[%emt 0:00:09]} 59. dxe5 {[%emt 0:00:18]} Ra1+ {[%emt 0:00:16]} 60. Kf2 {[%emt 0:00:12]} Ra2+ {[%emt 0:00:26]} 61. Kf1 {[%emt 0:03:24]} Ra1+ {[%emt 0:04:32]} 62. Kf2 {[%emt 0:00:07]} Qc2+ {[%emt 0:00:18]} 63. Bd2 {[%emt 0:00:53]} Ra2 {[%emt 0:02:50]} 64. Ke2 {[%emt 0:00:31]} Qc4+ {[%emt 0:02:21]} 65. Qd3 {[%emt 0:00:28]} Qxd3+ {[%emt 0:01:04]} 66. Kxd3 {[%emt 0:00:02]} fxe5 {[%emt 0:02:56]} 67. Bxg5 {[%emt 0:00:09]} Rxg2 {[%emt 0:00:08]} 68. Bxh4 {[%emt 0:00:05]} Rxh2 {[%emt 0:00:09]} 69. Bg3 {[%emt 0:00:01]} Rh5 {[%emt 0:00:08]} 70. Ke3 {[%emt 0:00:27]} Ke6 {[%emt 0:00:12]} 71. Bf2 {[%emt 0:00:21]} Kf5 {[%emt 0:00:05]} 72. Bg3 {[%emt 0:00:06]} Rh3 {[%emt 0:00:20]} 73. Bf2 {[%emt 0:00:05]} e4 {[%emt 0:00:05]} 74. Kd4 {Ke5+} 0-1